| 000 -LEADER |
| fixed length control field |
00394nam a22001817a 4500 |
| 003 - CONTROL NUMBER IDENTIFIER |
| control field |
OSt |
| 005 - DATE AND TIME OF LATEST TRANSACTION |
| control field |
20260410143123.0 |
| 008 - FIXED-LENGTH DATA ELEMENTS--GENERAL INFORMATION |
| fixed length control field |
260410b ||||| |||| 00| 0 eng d |
| 020 ## - INTERNATIONAL STANDARD BOOK NUMBER |
| International Standard Book Number |
9789325974111 |
| 040 ## - CATALOGING SOURCE |
| Transcribing agency |
MUIT |
| 082 ## - DEWEY DECIMAL CLASSIFICATION NUMBER |
| Classification number |
658 |
| 100 ## - MAIN ENTRY--PERSONAL NAME |
| Personal name |
SRIVASTAVA MALLIKA |
| 245 ## - TITLE STATEMENT |
| Title |
CUSTOMER RELATIONSHIP MANAGEMENT |
| 250 ## - EDITION STATEMENT |
| Edition statement |
1 |
| 260 ## - PUBLICATION, DISTRIBUTION, ETC. |
| Place of publication, distribution, etc. |
NOIDA |
| Name of publisher, distributor, etc. |
VIKAS |
| 300 ## - PHYSICAL DESCRIPTION |
| Extent |
347 |
| 942 ## - ADDED ENTRY ELEMENTS (KOHA) |
| Koha item type |
Book |
| 952 ## - LOCATION AND ITEM INFORMATION (KOHA) |
| Lost status |
|
| 952 ## - LOCATION AND ITEM INFORMATION (KOHA) |
| Lost status |
|